[Event "UTD Turner GM Invitational 2013"]
[Site "Richardson USA"]
[Date "2013.03.12"]
[Round "8"]
[White "Guadalupe,F"]
[Black "Flores Rios,M"]
[Result "0-1"]
[WhiteElo "2214"]
[BlackElo "2481"]

1.e4 c5 2.Nf3 e6 3.d4 cxd4 4.Nxd4 Nc6 5.Nc3 Qc7 6.Be2 a6 7.O-O Nf6 8.Be3 Bb4
9.Nxc6 bxc6 10.a3 Be7 11.Qd4 c5 12.Qc4 Bb7 13.Bf3 d6 14.Rad1 Nd7 15.Bf4 Ne5
16.Bxe5 dxe5 17.Rd3 O-O 18.Rfd1 Bc6 19.a4 Rfb8 20.Nd5 exd5 21.exd5 Rb4 22.Qxb4 cxb4
23.dxc6 Kf8 24.Rd7 Qa5 25.b3 e4 26.R1d5 Qxd5 27.Rxd5 exf3  0-1

[Event "Karpos Open 2013"]
[Site "Skopje MKD"]
[Date "2013.03.12"]
[Round "5.45"]
[White "Firat,B"]
[Black "Ilic,Ljubo"]
[Result "1-0"]
[WhiteElo "2428"]
[BlackElo "2198"]

1.e4 c5 2.Nf3 e6 3.d4 cxd4 4.Nxd4 Nc6 5.Nc3 a6 6.Nxc6 bxc6 7.e5 Qa5 8.f4 f5
9.Bd3 Nh6 10.Bd2 Rb8 11.b3 Nf7 12.Na4 Qc7 13.Qe2 g5 14.g3 Ba3 15.Bc3 Bb4
16.O-O-O Bxc3 17.Nxc3 a5 18.Qh5 gxf4 19.gxf4 Qa7 20.Rhe1 Qd4 21.Ne2 Qe3+
22.Kb1 a4 23.Ng3 Qxf4 24.Bxf5 axb3 25.axb3 Qg5 26.Bg4 Ke7 27.Qh3 Nxe5 28.Nf5+ Kf6
29.Rxe5 h5 30.Qc3  1-0

[Event "13th European Seniors"]
[Site "Plovdiv BUL"]
[Date "2013.03.13"]
[Round "3"]
[White "Andersson,Finn"]
[Black "Bebchuk,L"]
[Result "0-1"]
[WhiteElo "1879"]
[BlackElo "2089"]

1.e4 c5 2.Ne2 e6 3.Nbc3 Nc6 4.d4 cxd4 5.Nxd4 d6 6.Be2 Nf6 7.O-O Be7 8.Be3 O-O
9.f4 Qc7 10.Qe1 Bd7 11.Nb3 a6 12.a4 b6 13.Qf2 Rfb8 14.Bf3 e5 15.f5 Na5 16.Be2 Nc4
17.Bc1 b5 18.axb5 axb5 19.Rxa8 Rxa8 20.Bg5 Bc6 21.Bxf6 Bxf6 22.Nd5 Bxd5 23.exd5 Ra2
24.Re1 h6 25.Bd3 Qb7 26.Be4 Nxb2 27.c3 Qa7 28.Re2 Qa3  0-1

[Event "Karpos Open 2013"]
[Site "Skopje MKD"]
[Date "2013.03.13"]
[Round "6.24"]
[White "Hansen,Eric"]
[Black "Firat,B"]
[Result "1-0"]
[WhiteElo "2557"]
[BlackElo "2428"]

1.e4 c5 2.Nf3 e6 3.d4 cxd4 4.Nxd4 Nc6 5.Nc3 Qc7 6.Be3 Nf6 7.Qd2 Nxd4 8.Qxd4 Ng4
9.Bd2 a6 10.Be2 Ne5 11.f4 Nc6 12.Qf2 b5 13.O-O-O Bb7 14.Be3 Rc8 15.Bb6 Qb8
16.Kb1 Ba8 17.Rd2 Bb4 18.Rhd1 d6 19.a3 Bc5 20.Bxc5 dxc5 21.Qxc5 Qxf4 22.Bxb5 axb5
23.Nxb5 Rb8 24.Nd6+ Ke7 25.Nb7+  1-0

[Event "Karpos Open 2013"]
[Site "Skopje MKD"]
[Date "2013.03.14"]
[Round "7.13"]
[White "Van Kampen,R"]
[Black "Zawadzka,J"]
[Result "1-0"]
[WhiteElo "2592"]
[BlackElo "2374"]

1.e4 c5 2.Nf3 e6 3.d4 cxd4 4.Nxd4 Nc6 5.Nc3 Qc7 6.Be3 a6 7.Qd2 Nf6 8.O-O-O Be7
9.f3 h5 10.Nxc6 bxc6 11.Bf4 e5 12.Bg5 O-O 13.Bc4 a5 14.g4 hxg4 15.fxg4 Nxe4
16.Nxe4 d5 17.Qg2 dxe4 18.Be3 Rb8 19.Qxe4 Qb7 20.b3 Qb4 21.Bd2 Qa3+ 22.Kb1 a4
23.Bc1 Qc5 24.Rd3 axb3 25.axb3 Rd8 26.Rf1 Rxd3 27.Bxf7+ Kh8 28.Qxd3 Bxg4
29.Qg6 Be2 30.Re1 Bf6 31.Qg2  1-0

[Event "Karpos Open 2013"]
[Site "Skopje MKD"]
[Date "2013.03.14"]
[Round "7.79"]
[White "Asani,Adem"]
[Black "Peczely,S"]
[Result "0-1"]
[WhiteElo "1944"]
[BlackElo "2072"]

1.e4 c5 2.Nf3 e6 3.d4 cxd4 4.Nxd4 Nc6 5.Nc3 Qc7 6.Be3 a6 7.Bd3 Nf6 8.h3 b5
9.a3 Bb7 10.O-O Rd8 11.Nxc6 Qxc6 12.f3 Bc5 13.Qe2 O-O 14.Kh1 Nh5 15.Kh2 f5
16.f4 Bxe3 17.Qxe3 Nf6 18.Rae1 Rde8 19.Qf3 Qc7 20.Qf2 fxe4 21.Nxe4 Nxe4 22.Bxe4 d5
23.Bd3 e5 24.c3  0-1

[Event "Karpos Open 2013"]
[Site "Skopje MKD"]
[Date "2013.03.14"]
[Round "7.1"]
[White "Yemelin,V"]
[Black "Rodshtein,M"]
[Result "1/2-1/2"]
[WhiteElo "2574"]
[BlackElo "2615"]

1.e4 c5 2.Nf3 e6 3.d4 cxd4 4.Nxd4 Nc6 5.Nc3 Qc7 6.f4 Nxd4 7.Qxd4 a6 8.Be3 b5
9.O-O-O Bb7 10.Bd3 Rc8 11.Kb1 Nf6 12.e5 Nd5 13.Ne4 Nxe3 14.Qxe3 Bd5 15.Qe1 Be7
16.Rf1 b4 17.Qe2 a5 18.c4 Bxe4 19.Qxe4 g6 20.g4 Qc6 21.Qe2 Qc5 22.f5 a4 23.Rf3 a3
24.b3 Rg8 25.fxg6 hxg6 26.Rdf1 Qd4 27.Rf4 Qc3 28.R4f3 Qd4 29.Rf4 Qc3 30.Rc1 Qb2+
31.Qxb2 axb2 32.Rcf1 Rc5 33.Rxf7 Rxe5 34.Rh7 Re3 35.Bxg6+ Kd8 36.Rff7 Rxg6
37.Rxe7 Rd3 38.Reg7 Rxg7 39.Rxg7 Rh3 40.Kxb2 Rxh2+ 41.Kb1 Kc7 42.Rg5 Rh1+
43.Kc2 Rh2+ 44.Kd3 Rxa2 45.c5 d5 46.cxd6+ Kxd6 47.Rb5 Rg2 48.Rxb4 Rg3+ 49.Ke2 Ke5
50.Kf2 Rc3 51.Kg2 Rd3 52.Kh2 Rc3 53.Kg2 Rd3 54.Kh2 Rc3 55.Rb5+ Kf4 56.g5 e5
57.g6 Rc6 58.g7  1/2-1/2

[Event "Karpos Open 2013"]
[Site "Skopje MKD"]
[Date "2013.03.15"]
[Round "8.19"]
[White "Hansen,Eric"]
[Black "Arsovic,Z"]
[Result "1-0"]
[WhiteElo "2557"]
[BlackElo "2439"]

1.e4 c5 2.Nf3 e6 3.d4 cxd4 4.Nxd4 Nc6 5.Nc3 Qc7 6.Be3 Nf6 7.f4 d6 8.Qf3 Be7
9.O-O-O a6 10.g4 Nd7 11.g5 b5 12.h4 Bb7 13.Nxc6 Qxc6 14.a3 Nc5 15.f5 exf5
16.Qxf5 Rc8 17.Rh2 Qc7 18.Bh3 O-O 19.Nd5 Bxd5 20.Qxd5 Rb8 21.Rf2 Qb7 22.e5 Qxd5
23.Rxd5 Nb7 24.b4 dxe5 25.Rd7 Bd8 26.Ba7 Ra8 27.Rxb7 Rxa7 28.Rxa7 Bb6 29.Rfxf7  1-0

[Event "13th European Seniors"]
[Site "Plovdiv BUL"]
[Date "2013.03.16"]
[Round "6"]
[White "Vujacic,Bo"]
[Black "Rooze,J"]
[Result "1/2-1/2"]
[WhiteElo "2293"]
[BlackElo "2369"]

1.e4 c5 2.Nf3 e6 3.d4 cxd4 4.Nxd4 Nc6 5.Nc3 Qc7 6.Be2 a6 7.O-O Nf6 8.Be3 Bb4
9.Na4 Be7 10.Nxc6 bxc6 11.Nb6 Rb8 12.Nxc8 Qxc8 13.Bd4 Qc7 14.e5 Nd5 15.b3 c5
16.Bb2 a5 17.Qd2 O-O 18.Bf3 Nb4 19.Rfd1 Rfd8 20.a3 Nc6 21.Bxc6 dxc6 22.Qf4 Rd5
23.Bc3 Rbd8 24.Re1 Qb6 25.h3 R8d7 26.Qg4 Bd8 27.Re4 Bc7 28.Rae1 Qb8 29.Qe2 Qb5
30.Qf3 Qb8 31.g3 Qd8 32.Kg2 Qb8 33.h4 Qd8 34.h5 h6 35.Rg4 Kf8 36.Qe2 Rd1
37.Qe3 Bb6 38.Re2 R7d5 39.Qe4 Kg8 40.Qa4 Qd7 41.Qf4 Kh8 42.Re4 Bd8 43.Qf3 Rc1
44.Bxa5 f5 45.exf6 Bxf6 46.Rg6 Rf5 47.Qe2 Bd4 48.Be1 e5 49.g4 Rxe1 50.Qxe1 Rxf2+
51.Qxf2 Bxf2 52.Kxf2 Qd2+ 53.Re2 Qf4+ 54.Kg2 c4 55.a4 cxb3 56.cxb3 Qd4 57.Kh2 Qf4+
58.Kg2 Qd4 59.a5 Qd5+ 60.Kf2 Qxa5 61.Rxc6 Qb4 62.Rc4 Qxb3 63.Rce4 Qh3 64.R2e3 Qh2+
65.Ke1 Kh7 66.Re2 Qg1+ 67.Kd2 Kg8 68.Re1  1/2-1/2

[Event "TCh-SWE Elite 2012-13"]
[Site "Sweden SWE"]
[Date "2013.03.17"]
[Round "9"]
[White "Gdanski,J"]
[Black "Tukhaev,A"]
[Result "1/2-1/2"]
[WhiteElo "2536"]
[BlackElo "2524"]

1.e4 c5 2.Nc3 Nc6 3.Nf3 e6 4.d4 cxd4 5.Nxd4 d6 6.Be2 Nf6 7.O-O Be7 8.Kh1 O-O
9.f4 a6 10.Be3 Qc7 11.a4 Re8 12.Bd3 b6 13.e5 Nxd4 14.Bxd4 Nd7 15.Qg4 g6 16.Ne4 Bb7
17.Rae1 Bxe4 18.Rxe4 Bf8 19.Qe2  1/2-1/2

[Event "TCh-SUI 2013"]
[Site "Switzerland SUI"]
[Date "2013.03.17"]
[Round "1.7"]
[White "Georgiadis,I"]
[Black "Lundmark,G"]
[Result "1-0"]
[WhiteElo "2449"]
[BlackElo "1831"]

1.e4 c5 2.Nf3 Nc6 3.d4 cxd4 4.Nxd4 e6 5.Nc3 Bc5 6.Be3 Qb6 7.Ndb5 Bxe3 8.fxe3 a6
9.Nd6+ Ke7 10.Nc4 Qc7 11.Nd5+ exd5 12.exd5 d6 13.dxc6 bxc6 14.Qd4 Nf6 15.O-O-O Rd8
16.e4 Be6 17.Be2 a5 18.e5 dxe5 19.Qc5+ Ke8 20.Nxe5 Rxd1+ 21.Rxd1 Bd5 22.Bf3 Qxe5
23.Bxd5 Nd7 24.Bxf7+ Kxf7 25.Rxd7+ Kf6 26.Qxc6+  1-0

[Event "3rd HD Bank Cup 2013"]
[Site "Ho Chi Minh City VIE"]
[Date "2013.03.19"]
[Round "1.48"]
[White "Tran,Thi Mong Thu"]
[Black "Nguyen Hoang Nam1"]
[Result "0-1"]
[WhiteElo "1841"]
[BlackElo "2311"]

1.e4 c5 2.Nf3 e6 3.d4 cxd4 4.Nxd4 Nc6 5.Nc3 Nf6 6.Be2 Bb4 7.f3 d5 8.Bb5 Qb6
9.Qd3 O-O 10.Bxc6 bxc6 11.Be3 c5 12.O-O-O Ba6 13.Qd2 e5 14.Nb3 d4 15.Bf2 Rfd8
16.Qg5 dxc3 17.Qxe5 Re8 18.Qg5 Be2 19.Rde1 Qa6 20.Kb1 cxb2 21.Nxc5 Qc4 22.Rxe2 Qxe2
23.Bd4 Bxc5 24.Bxf6 Bf8 25.h4 Rec8  0-1

[Event "3rd HD Bank Cup 2013"]
[Site "Ho Chi Minh City VIE"]
[Date "2013.03.19"]
[Round "2.2"]
[White "Wang Jue"]
[Black "Yu Yangyi"]
[Result "1-0"]
[WhiteElo "2390"]
[BlackElo "2696"]

1.e4 c5 2.Nf3 Nc6 3.d4 cxd4 4.Nxd4 e6 5.Nc3 a6 6.Be2 Qc7 7.O-O Nf6 8.Be3 Bb4
9.Na4 O-O 10.c4 Bd6 11.g3 Nxe4 12.Bf3 Nf6 13.c5 Be5 14.Nb6 Rb8 15.Rc1 Rd8
16.Nc4 Bxd4 17.Bxd4 Ne8 18.Be3 Ra8 19.Bf4 e5 20.Bg5 d5 21.Bxd8 Qxd8 22.Bxd5 Nd4
23.Nb6 Nf6 24.Bg2 Rb8 25.Nxc8 Qxc8 26.f4 Nc6 27.fxe5 Nxe5 28.Qd6 Ng6 29.Bh3 Qf8
30.Rfe1 a5 31.Rc3 a4 32.Rc4 Ra8 33.Qxf8+ Nxf8 34.Bg2 Ra7 35.Re7 N8d7 36.Rd4  1-0

[Event "86th ch-St Petersburg"]
[Site "St Petersburg RUS"]
[Date "2013.03.20"]
[Round "10.6"]
[White "Alekseenko,K"]
[Black "Kashtanov,R"]
[Result "1-0"]
[WhiteElo "2447"]
[BlackElo "2351"]

1.e4 c5 2.Nf3 e6 3.d4 cxd4 4.Nxd4 Nc6 5.Nc3 Qc7 6.Be2 a6 7.O-O Nf6 8.Be3 Be7
9.f4 d6 10.Qe1 O-O 11.Qg3 Nxd4 12.Bxd4 b5 13.a3 Bb7 14.Rae1 Bc6 15.Kh1 Rae8
16.Bf3 Rd8 17.Nd1 Kh8 18.Nf2 a5 19.c3 Rg8 20.b4 Nd7 21.Bg4 Nb6 22.Bh5 Nc4
23.Bxf7 Bh4 24.Qxh4 Qxf7 25.Nh3 Qg6 26.Ng5 h6 27.Nf7+  1-0

[Event "3rd HD Bank Cup 2013"]
[Site "Ho Chi Minh City VIE"]
[Date "2013.03.21"]
[Round "4.3"]
[White "Nguyen Van Huy"]
[Black "Le Quang Liem"]
[Result "0-1"]
[WhiteElo "2486"]
[BlackElo "2709"]

1.e4 c5 2.Nf3 e6 3.d4 cxd4 4.Nxd4 Nc6 5.Nc3 d6 6.Be3 Nf6 7.Bc4 Be7 8.Qe2 a6
9.O-O-O Qc7 10.Bb3 O-O 11.g4 Nxd4 12.Rxd4 Nd7 13.g5 Nc5 14.Rg1 f5 15.Kb1 f4
16.Bc1 Bd7 17.h4 Bc6 18.Qg4 Qc8 19.Rdd1 b5 20.f3 b4 21.Ne2 Nxb3 22.axb3 e5
23.Qxc8 Rfxc8 24.Bd2 a5 25.Nc1 Rab8 26.Rge1 Be8 27.c4 bxc3 28.bxc3 Bh5 29.Rf1 Bf7
30.Kc2 Rb7 31.Kd3 a4 32.bxa4 Bc4+ 33.Kc2 d5 34.exd5 Ba3 35.Rde1 Rb2+ 36.Kd1 Rd8
37.Rf2 Bc5 38.Rh2 Be3  0-1

[Event "TCh-AUT 2012-13"]
[Site "St.Veit AUT"]
[Date "2013.03.21"]
[Round "8.1"]
[White "Volokitin,And"]
[Black "Rotstein,A"]
[Result "1/2-1/2"]
[WhiteElo "2722"]
[BlackElo "2506"]

1.e4 c5 2.Nf3 e6 3.d4 cxd4 4.Nxd4 Nc6 5.Nc3 Qc7 6.Be3 Nf6 7.f4 Nxd4 8.Qxd4 b6
9.e5 Ng4 10.Bg1 Bc5 11.Nb5 Qc6 12.Qd2 O-O 13.O-O-O Ba6 14.Be2 Bxb5 15.Bxg4 Rac8
16.Bxc5 Qxc5 17.Rhe1 Rc7 18.Re3 Rfc8 19.Rc3 Qf8 20.Rxc7 Rxc7 21.Bf3 Qc5 22.b3 Bc6
23.Bxc6 Qxc6 24.Kb2 b5 25.Rc1 Qb6 26.g4 a5 27.Qd6 Qxd6 28.exd6 Rc5 29.c4 b4
30.a3 f5 31.axb4 axb4 32.gxf5 Rxf5 33.Ra1 e5 34.Ra5 Kf7 35.fxe5 Ke6 36.Rb5 Rf2+
37.Kc1 Rxh2 38.c5 Kxe5 39.Rxb4 Kd5 40.Rb7 Kxc5 41.Rxd7 Rg2 42.b4+ Kc6 43.Rd8 Rg5
44.Kc2 h6 45.Kb3 Rd5 46.Rg8 g5 47.Ka4 Rxd6 48.Ka5  1/2-1/2

[Event "19th Schloss Open"]
[Site "Werther GER"]
[Date "2013.03.22"]
[Round "3.4"]
[White "Schmitz,Philipp"]
[Black "Melamed,T"]
[Result "1-0"]
[WhiteElo "2136"]
[BlackElo "2368"]

1.e4 c5 2.Nf3 e6 3.d4 cxd4 4.Nxd4 Nc6 5.Nc3 Qc7 6.Be3 a6 7.Qd2 Nf6 8.O-O-O Bb4
9.f3 O-O 10.g4 Ne5 11.g5 Nh5 12.f4 Ng4 13.Nde2 Bxc3 14.bxc3 Nxe3 15.Qxe3 b5
16.Bg2 g6 17.Bf3 Ng7 18.h4 Bb7 19.h5 d5 20.hxg6 fxg6 21.exd5 Bxd5 22.Rxd5 exd5
23.Bxd5+  1-0

[Event "36th San Sebastian Open"]
[Site "Donostia ESP"]
[Date "2013.03.23"]
[Round "1.18"]
[White "Espin Laborde,J"]
[Black "Gagarin,V"]
[Result "0-1"]
[WhiteElo "1742"]
[BlackElo "2321"]

1.e4 c5 2.Nf3 Nc6 3.d4 cxd4 4.Nxd4 e6 5.Nc3 d6 6.Be3 Nf6 7.Qd2 Be7 8.f3 O-O
9.O-O-O a6 10.g4 Nxd4 11.Bxd4 Qc7 12.Kb1 b5 13.h4 Bb7 14.Qf2 b4 15.Na4 e5
16.Bb6 Qb8 17.b3 Rc8 18.Ba5 Nd7 19.Nb6 Nxb6 20.Bxb6 a5 21.Bc4 a4 22.Be3 Rxc4
23.bxc4 Qc7 24.c5 dxc5 25.Qd2 Rd8 26.Qe2 Rb8 27.Qc4 Bc8 28.Rd5 Be6 29.Rxc5 Bxc5
30.Qxc5 Qd8 31.Qxe5 b3 32.axb3 axb3 33.Qd4 Qa5 34.cxb3 Rxb3+ 35.Kc2 Qa2+
36.Kd1 Rb1+ 37.Bc1 Bb3+  0-1

[Event "Nis Open 2013"]
[Site "Nis SRB"]
[Date "2013.03.23"]
[Round "4.18"]
[White "Zdravkovic,DS"]
[Black "Djoric,Krsta"]
[Result "0-1"]
[WhiteElo "1913"]
[BlackElo "1851"]

1.e4 c5 2.Nf3 Nc6 3.d4 cxd4 4.Nxd4 e6 5.Nc3 a6 6.g3 Nge7 7.Bg2 Ng6 8.O-O h5
9.h3 Be7 10.Be3 Bf6 11.Nce2 h4 12.g4 Be5 13.f4 Bb8 14.f5 exf5 15.exf5 Nge5
16.Nxc6 bxc6 17.Nf4 O-O 18.b3 Qe7 19.Qd2 Bb7 20.Rae1 d6 21.c4 Bc7 22.Nd3 Rad8
23.Bg5 f6 24.Bxh4 Bb6+ 25.Bf2 Bxf2+ 26.Nxf2 Qf7 27.Qb4 Rd7 28.c5 d5 29.Qd4 a5
30.Re3 Re8 31.Rfe1 Rde7 32.Nd3 Nxd3 33.Rxe7 Rxe7 34.Re6 Ne5 35.Rd6 Nd7 36.Qc3 Qe8
37.Bf3 Re3 38.Qxa5 Rxf3 39.Re6 Qb8 40.Qe1 Kf8 41.Kg2 Rf4 42.Qh4 Kg8 43.Re2 Qd8
44.Qe1 Re4 45.Rxe4 dxe4 46.Qxe4 Ne5 47.Qb4 Ba6 48.a4 Qd5+ 49.Kg3 Qf3+ 50.Kh4 Bf1
51.Kh5 Qxh3+  0-1

[Event "19th Schloss Open"]
[Site "Werther GER"]
[Date "2013.03.23"]
[Round "4.6"]
[White "Weimann,M"]
[Black "Dargel,M"]
[Result "0-1"]
[WhiteElo "2132"]
[BlackElo "2238"]

1.e4 c5 2.Nf3 e6 3.d4 cxd4 4.Nxd4 Nc6 5.Nc3 Qc7 6.g3 a6 7.Bg2 Nf6 8.O-O Bc5
9.Nxc6 dxc6 10.Na4 Ba7 11.c4 b5 12.e5 Nd7 13.Nc3 Bb7 14.Ne4 O-O 15.Bf4 Rad8
16.Qh5 Bd4 17.Nf6+ Nxf6 18.exf6 Qb6 19.fxg7 Bxg7 20.c5 Qa5 21.Rfe1 Qb4 22.Be5 Qxc5
23.Qg4 f6 24.Qxe6+ Kh8 25.Rac1 Qb6 26.Bf4 Qd4 27.Be4 f5 28.Bxf5 Bc8 29.Qxc6 Bxf5
30.Re7 Bh3 31.Rce1 Rxf4 32.gxf4 Rg8 33.Re8 Bf8+ 34.Kh1 Qg7 35.Qc3 Bg2+ 36.Kg1 Bc6+
37.Qxg7+ Rxg7+ 38.Kf1 Bxe8 39.Rxe8 Kg8 40.a4 b4 41.f5 Rc7 42.Re6 Rc2 43.b3 a5
44.Ra6 Rc5 45.f6 Re5 46.f4 Rc5 47.Ke2 h5 48.h4 Kf7 49.Kd3 Rc3+ 50.Ke4 Rxb3
51.Rxa5 Rc3 52.Rxh5 Rc4+ 53.Kd3 Rxf4 54.a5 Rxf6 55.Kc4 Rf4+ 56.Kb3 Rf3+ 57.Ka2 b3+
58.Kb1 Ba3 59.Rh7+ Kg6  0-1

[Event "44th Marcel Duchamp"]
[Site "Buenos Aires ARG"]
[Date "2013.03.24"]
[Round "1.5"]
[White "Iermito,S"]
[Black "Couso,J"]
[Result "1-0"]
[WhiteElo "2463"]
[BlackElo "1955"]

1.e4 c5 2.Nf3 Nc6 3.Nc3 e6 4.d4 cxd4 5.Nxd4 Nf6 6.Ndb5 d6 7.Bf4 e5 8.Bg5 a6
9.Bxf6 gxf6 10.Na3 Be6 11.Nc4 b5 12.Ne3 Qa5 13.Be2 Nd4 14.O-O Rg8 15.Ncd5 Rg6
16.c3 Nxe2+ 17.Qxe2 Rc8 18.b4 Bh6 19.bxa5  1-0

[Event "36th San Sebastian Open"]
[Site "Donostia ESP"]
[Date "2013.03.24"]
[Round "2.5"]
[White "Alsina Leal,D"]
[Black "Thomassen,T"]
[Result "1-0"]
[WhiteElo "2515"]
[BlackElo "2080"]

1.e4 c5 2.Nf3 e6 3.d4 cxd4 4.Nxd4 Nc6 5.Nc3 Qc7 6.Be2 a6 7.O-O Nf6 8.Be3 Be7
9.f4 d6 10.a4 O-O 11.Kh1 Re8 12.Bf3 Rb8 13.Qd2 Nxd4 14.Bxd4 e5 15.Be3 exf4
16.Bxf4 Be6 17.Rfd1 Rbd8 18.h3 Qc5 19.a5 Qc8 20.Qf2 Qc5 21.Qxc5 dxc5 22.e5 Nd7
23.Bxb7 Nb8 24.Bf3 Rxd1+ 25.Rxd1 Rd8 26.Nd5 Kf8 27.Be3 Nd7 28.Nxe7 Kxe7 29.Bg5+ f6
30.exf6+ gxf6 31.Bf4 Ne5 32.Rxd8 Kxd8 33.Bxe5 fxe5 34.Kg1 Bf5 35.c3 Kc7 36.b4 cxb4
37.cxb4 Bd3 38.Kf2 e4 39.Bh5 Kd6 40.Ke3 Ke5 41.g3 Bc4 42.h4 Bb5 43.Be2 Bxe2
44.Kxe2 Kd4 45.b5 axb5 46.a6  1-0

[Event "36th San Sebastian Open"]
[Site "Donostia ESP"]
[Date "2013.03.24"]
[Round "2.31"]
[White "Oliveira,Maria Alice Ramos Ma"]
[Black "Oliveira,Maria"]
[Result "0-1"]
[WhiteElo "1430"]
[BlackElo "1957"]

1.e4 c5 2.Nf3 e6 3.d4 cxd4 4.Nxd4 Nc6 5.Nc3 Qc7 6.Be3 Nf6 7.Be2 Be7 8.O-O O-O
9.Kh1 d6 10.f4 Nxd4 11.Bxd4 e5 12.Be3 Bd7 13.Bf3 Bc6 14.Qe1 exf4 15.Bxf4 Nd7
16.Qg3 Ne5 17.Rad1 Rad8 18.Rg1 b5 19.Qf2 Bf6 20.Nd5 Bxd5 21.Rxd5 Ng6 22.Bg5 Bxg5
23.Rxg5 a6 24.Rd5 Ne5 25.Rgd1 Rfe8 26.c3 Re6 27.Qe2 h6 28.Bg4 Nxg4 29.Qxg4 Qc4
30.R5d4 Qxa2 31.R4d2 Rde8 32.Re2 d5 33.Rde1 Rxe4 34.Rxe4 dxe4 35.h3 Qxb2
36.Kh2 Qxc3 37.Rxe4 Rxe4 38.Qxe4 Qc8 39.Qd4 Qb8+ 40.Kh1 b4 41.Qe4 b3 42.Qe1 b2
43.Qb1 Qb3 44.Kh2 a5 45.h4 a4 46.g4 a3 47.g5 a2 48.Qe1 Qb8+ 49.Kh3 b1=Q 50.Qe3 a1=Q
51.gxh6 Qf5+ 52.Kg2 Qa2+ 53.Kg1 Qb8b1+ 54.Qe1 Qxe1+  0-1

[Event "36th San Sebastian Open"]
[Site "Donostia ESP"]
[Date "2013.03.25"]
[Round "4.26"]
[White "Espin Laborde,J"]
[Black "Oliveira,Maria"]
[Result "0-1"]
[WhiteElo "1742"]
[BlackElo "1957"]

1.e4 c5 2.Nf3 e6 3.d4 cxd4 4.Nxd4 Nc6 5.Nc3 Qc7 6.Be3 Nf6 7.Be2 Be7 8.O-O O-O
9.Qd2 a6 10.f4 d6 11.Bf3 Bd7 12.Kh1 Rac8 13.Nb3 b5 14.a3 Rfd8 15.Qf2 Rb8
16.Qe2 Be8 17.Rfd1 Nd7 18.Qf2 Nb6 19.Bxb6 Rxb6 20.f5 Rdb8 21.Qg3 Bf6 22.fxe6 fxe6
23.Bg4 Qe7 24.Qh3 Bd7 25.Be2 Rf8 26.Rf1 Ne5 27.Rab1 Nc4 28.Qd3 Be5 29.g3 Qg5
30.Kg2 Ne3+ 31.Kg1 Bxg3 32.Rf3 Bh4+  0-1

[Event "ch-Moscow 2013"]
[Site "Moscow RUS"]
[Date "2013.03.25"]
[Round "4.2"]
[White "Balashov,Y"]
[Black "Stukopin,A"]
[Result "0-1"]
[WhiteElo "2481"]
[BlackElo "2500"]

1.e4 c5 2.Nf3 e6 3.Nc3 Nc6 4.d4 cxd4 5.Nxd4 Qc7 6.g3 a6 7.Bg2 d6 8.O-O Bd7
9.Re1 Be7 10.a4 Nf6 11.Nxc6 Bxc6 12.a5 b5 13.axb6 Qxb6 14.b3 Qb7 15.Qe2 O-O
16.Ba3 Rfd8 17.Rad1 Bf8 18.Rd2 Ne8 19.Red1 g6 20.h3 a5 21.Kh2 Rdc8 22.f4 Bg7
23.Na4 e5 24.Nb2 a4 25.Nxa4 exf4 26.gxf4 Bh6 27.Rf1 Bxa4 28.bxa4 Rxa4 29.Bxd6 Nxd6
30.Rxd6 Qc7 31.Qd1 Ra2 32.e5 Qxc2 33.Qg4 Bf8 34.Rd7 h5 35.Qf3 Qf5 36.Rd5 Rcc2
37.Rg1 Bc5  0-1

[Event "29th Spring Festival"]
[Site "Budapest HUN"]
[Date "2013.03.26"]
[Round "8.6"]
[White "Juracsik,J"]
[Black "Farkas,R"]
[Result "1/2-1/2"]
[WhiteElo "2136"]
[BlackElo "2121"]

1.e4 c5 2.Nf3 e6 3.d4 cxd4 4.Nxd4 Nc6 5.Nc3 Qc7 6.Be3 Nf6 7.Qd2 a6 8.f3 Bb4
9.Nb3 O-O 10.O-O-O Rd8 11.Qf2 Bxc3 12.bxc3 b5 13.Bb6 Qf4+ 14.Kb1 Re8 15.Bd3 d5
16.g3 Qb8 17.Rhf1 dxe4 18.fxe4 e5 19.Be3 Be6 20.Bg5 Nd7 21.Be3 f6 22.Be2 Qc7
23.Qe1 Na5 24.Bh5 Rec8 25.Rd3 Nc4 26.Bc1 a5 27.Qd1 Ndb6 28.Bg4 Qe7 29.Bxe6+ Qxe6
30.Ka1 b4 31.Nd2 Na4 32.Nb1 Nc5 33.Rd5 Nxe4 34.Qd3 Nxc3 35.Nxc3 bxc3 36.Rd1 Qb6
37.Qxc3 Rab8 38.Qb3 Qc6 39.Qf3 Qb6 40.Qb3 Qe6 41.Rb5 Rxb5 42.Qxb5 Qc6 43.Qb3 Qc7
44.Qb5 Rb8 45.Rd7 Rxb5 46.Rxc7 Nd6 47.Ba3 Nf5 48.c4 Rb8 49.Bc5 h5 50.Ba7 Rb4
51.a3 Rb3 52.Ka2 a4 53.c5 e4 54.c6 e3 55.Rb7 e2 56.Bf2 Rc3 57.Rb2 Rxc6 58.Rxe2 Nd6
59.Be1 Kf7  1/2-1/2

[Event "44th Marcel Duchamp"]
[Site "Buenos Aires ARG"]
[Date "2013.03.26"]
[Round "5.8"]
[White "Fiori,H"]
[Black "Krysa,L"]
[Result "1/2-1/2"]
[WhiteElo "2165"]
[BlackElo "2378"]

1.e4 c5 2.Nf3 Nc6 3.d4 cxd4 4.Nxd4 e6 5.Nc3 Qc7 6.Ndb5 Qb8 7.Be3 Nf6 8.f4 d6
9.Qf3 Be7 10.Bd3 a6 11.Nd4 O-O 12.O-O Bd7 13.Kh1 Re8 14.Rae1 Qc7 15.g4 Nxd4
16.Bxd4 Bc6 17.g5 Nd7 18.f5 Bf8 19.fxe6 fxe6 20.Qf7+ Kh8 21.Re3 Qd8 22.Rh3 Qxg5
23.Rg1 Re7 24.Qf2 Qf5 25.Qh4 e5 26.Rg5 Qxh3 27.Qxh3 exd4 28.Nd5 Bxd5 29.exd5 Nf6
30.Rg4 Re3 31.Qh4 Rae8 32.Rf4 Re1+ 33.Kg2 R8e7 34.Rxd4 R7e5 35.Rf4 g5 36.Qxe1 Rxe1
37.Rxf6 Kg7 38.Re6 Rxe6 39.dxe6 Kf6 40.Be4 Kxe6 41.Bxb7 a5 42.c4 Bg7 43.b3 h5
44.Kf3 Ke5 45.a3 Bh6 46.b4 axb4 47.axb4 g4+ 48.Kg3 Bf4+ 49.Kg2 Bd2 50.b5  1/2-1/2

[Event "44th Marcel Duchamp"]
[Site "Buenos Aires ARG"]
[Date "2013.03.26"]
[Round "5.5"]
[White "Mussanti,D"]
[Black "Perez Ponsa,F"]
[Result "0-1"]
[WhiteElo "2314"]
[BlackElo "2476"]

1.e4 c5 2.Nf3 e6 3.d4 cxd4 4.Nxd4 Nc6 5.Nc3 Qc7 6.Be3 a6 7.Bd3 b5 8.O-O Bb7
9.Nxc6 Qxc6 10.a3 Nf6 11.Qf3 Bd6 12.Bf4 Bxf4 13.Qxf4 d6 14.Rfe1 O-O 15.Re3 h6
16.Be2 Qc5 17.Rg3 Qe5 18.Qxe5 dxe5 19.Bd3 Rfd8 20.Re3 Rac8 21.f3 Kf8 22.Re2 Ke7
23.Rd1 Ne8 24.Red2 Nd6 25.Re2 Bc6 26.Kf2 f6 27.g3 Be8 28.Red2 g5 29.Ke3 Rc6
30.f4 exf4+ 31.gxf4 gxf4+ 32.Kxf4 Rc5 33.Rg2 Bf7 34.Re1 Rg5 35.Reg1 Rdg8
36.Rg3 Rc8 37.h4 Rh5 38.Rh1 a5 39.Be2 Re5 40.Bd3 Kf8 41.Nd1 Rcc5 42.b4 Rc7
43.Ne3 Bh5 44.Ng4 Bxg4 45.Rxg4 Rc3 46.Rhg1 Rxe4+ 47.Kf3 Rxg4 48.Rxg4 Nf7
49.Ke3 Ne5 50.Rf4 Ke7 51.a4 axb4 52.Rxb4 bxa4 53.Rxa4 Rc7 54.Ra8 f5 55.Rh8 Nf7
56.Ra8 Kf6 57.Rf8 Rd7 58.c4 e5 59.c5 Rd8 60.Rxd8 Nxd8 61.Bb5 Ne6 62.c6 e4
63.Bc4 Ke5  0-1

[Event "ch-Moscow w 2013"]
[Site "Moscow RUS"]
[Date "2013.03.26"]
[Round "5.2"]
[White "Bezgodova,M"]
[Black "Vasilevich,I"]
[Result "0-1"]
[WhiteElo "2177"]
[BlackElo "2363"]

1.e4 c5 2.Nf3 e6 3.d4 cxd4 4.Nxd4 Nc6 5.Nc3 Qc7 6.Be2 a6 7.O-O Nf6 8.Be3 Be7
9.f4 d6 10.Kh1 O-O 11.Qe1 Nxd4 12.Bxd4 b5 13.e5 Nd7 14.Bd3 dxe5 15.fxe5 Bb7
16.Ne4 Rad8 17.c3 Bxe4 18.Qxe4 g6 19.b4 Nb6 20.Rac1 Nc4 21.Rfe1 Rd7 22.a4 bxa4
23.Ra1 a3 24.Bg1 Nd2 25.Qe2 Qxc3 26.Bxa6 Bxb4 27.Rec1 Qb2 28.Qg4 Be7 29.Qa4 Rfd8
30.Rd1 Qb3 31.Qf4 Qb4 32.Qh6 Bf8 33.Qg5 Qa5 34.Be2 Ne4 35.Qf4 Rxd1 36.Bxd1 Qc3
37.Rb1 a2 38.Rb7 Ng5 39.h4 Rxd1 40.hxg5 Rxg1+ 41.Kh2 Rh1+  0-1

[Event "ch-Moscow 2013"]
[Site "Moscow RUS"]
[Date "2013.03.26"]
[Round "5.9"]
[White "Paravyan,D"]
[Black "Ulko,J"]
[Result "1-0"]
[WhiteElo "2330"]
[BlackElo "2444"]

1.e4 c5 2.Nf3 e6 3.d4 cxd4 4.Nxd4 Nc6 5.Nc3 a6 6.Be3 Nf6 7.Bd3 Qc7 8.Qe2 b5
9.f4 e5 10.Nxc6 dxc6 11.f5 Bb7 12.Qf3 Be7 13.g4 h6 14.h4 h5 15.gxh5 Nxh5
16.O-O-O Nf4 17.Bxf4 exf4 18.e5 Qxe5 19.Rhe1 Qc7 20.f6 gxf6 21.Bf5 Rd8 22.Rxd8+ Qxd8
23.Qxf4 c5 24.Rd1 Qa8 25.Qg3 Kf8 26.Rg1 Ke8 27.Re1 Bf3 28.h5 Kd8 29.Ne4 Bxh5
30.Qd3+ Ke8 31.Nxf6+ Kf8 32.Nd7+ Ke8 33.Nb6 Qd8 34.Nd5 Kf8 35.Rxe7 c4 36.Qa3 Kg8
37.Re8+ Qxe8 38.Nf6+ Kg7 39.Nxe8+ Rxe8 40.Qc3+ f6 41.Qg3+ Kf7 42.Qh4 Bg6
43.Bxg6+ Kxg6 44.Qg4+ Kf7 45.Kd2 Re5 46.Qd7+ Kg6 47.a4 Kg5 48.a5 f5 49.Qg7+ Kf4
50.Qc7 Ke4 51.Qc6+ Rd5+ 52.Ke2 f4 53.Qg6+ Rf5 54.c3 f3+ 55.Kf2 Kf4 56.Qxa6  1-0

[Event "LEM Schleswig-Holstein 2013"]
[Site "Neumuenster GER"]
[Date "2013.03.26"]
[Round "5.2"]
[White "Menzel,R"]
[Black "Jahncke,G"]
[Result "1/2-1/2"]
[WhiteElo "2251"]
[BlackElo "2196"]

1.e4 c5 2.Nf3 e6 3.Nc3 Nc6 4.d4 cxd4 5.Nxd4 Nf6 6.a3 d6 7.Be3 Be7 8.f4 O-O
9.Nb3 b6 10.Qf3 Bb7 11.Bd3 Qc7 12.g4 Nd7 13.O-O Nc5 14.Nb5 Qc8 15.N5d4 a6
16.Nxc6 Bxc6 17.Nd4 Nxd3 18.cxd3 Bd7 19.Rac1 Qb7 20.e5 Qxf3 21.Nxf3 Bb5 22.Rc3 Rfc8
23.Rfc1 Rxc3 24.Rxc3 dxe5 25.Nxe5 Bd8 26.Kf2 Kf8 27.Kf3 Ke8 28.Ke4  1/2-1/2